2023-24 FIFA PSG PLAYER BY PICTURE - Statistics

General Stats
  • This quiz has been taken 392 times
  • The average score is 16 of 18
Answer Stats
Picture Answer % Correct
Kylian Mbappé
100%
Ousmane Dembélé
96%
Gianluigi Donnarumma
95%
Achraf Hakimi
94%
Lucas Hernández
91%
Marco Asensio
91%
Marquinhos
91%
Presnel Kimpembe
88%
Milan Škriniar
85%
Fabián Ruiz
84%
Randal Kolo Muani
84%
Vitinha
84%
Warren Zaire-Emery
84%
Nuno Mendes
83%
Danilo Pereira
78%
Gonçalo Ramos
78%
Manuel Ugarte
74%
Carlos Soler
73%
No matching quizzes found
Score Distribution
Percent of People with Each Score
Percentile by Number Answered
Your Score History
You have not taken this quiz